000 00304nam a22001337a 4500
008 171019b xxu||||| |||| 00| 0 eng d
020 _a9780133962680
041 _aeng
080 _a338
100 _a53
101 _aMEN
245 _aDECISION SUPORT FOR MANAGEMENT
_cWATSON.H.J
942 _2udc
_cBK
999 _c34921
_d34921